000 03132nam a2200349 i 4500
003 DO-SdBNP
005 20260515092220.0
007 ta
008 260515e2025 dr p|||gr|||||||| pbspa d
020 _a9789945518689
040 _aDO-SdBNP
_bspa
_cBNPHU
_eRDA
041 _aspa
082 _aRD 861.45
_2S253a 2025
_b22
100 _aSatake-Torena, Masako
_eautor
_989577
245 _aAgonía desmedida /
_cMasako Satake-Torena [y otros cuatro].
264 _aSanto Domingo, República Dominicana :
_bImp. Publicaciones Libertad,
_c2025.
300 _a72 páginas :
_bilustraciones ;
_c21 x 14 cm.
336 _atexto
_btxt
_2rdacontent
337 _asin mediación
_bn
_2rdamedia
338 _avolumen
_bnc
_2rdacarrier
500 _aIncluye biografía en la cubierta superior.
505 _aDedicatoria 7 -- Prologo I 8 -- Prologo II 10 -- Agonía 13 -- Almas gemelas 14 -- 11:00 AM 15 -- Alzheimer y yo 16 -- Año viejo 18 -- Ausencia 20 -- Celos 21 -- El circo 22 -- El día que no recuerde 23 -- En la próxima vida 25 -- Encontré mi alma 26 -- Eras tu mi hombre 28 -- Extraño tus abrazos 29 -- La aventura 30 -- La que más perdí 31 -- Intangible 32 -- Mi Interior 33 -- Jaula de Cristal 34 -- Mi Dolor 35 -- Nacimiento 36 -- Pecado Original 37 -- Si pudiera hija mía 38 -- Ecos 40 -- Solo palabras vanas 41 -- Solo tú 42 -- Soledad 44 -- Euforia 45 -- Esperanza 47 -- Cómplice 48 -- Mis infiernos 49 -- Desnúdame ahora 51 -- Frágil 52 -- Hojas de otoño 53 -- Inconcluso I 55 -- Inconcluso II 56 -- Inconcluso III 58 -- Decepción 59 -- Imperfecto 61 -- Primer llamado 62 -- Paso rápido 63 -- Tarde 64 -- Vacío 66.
520 _aLa agonía desmedida: un viaje poético” de nuestra amiga Masako Satake-Torena, nos sumerge en el abismo de la pasión, donde el amor y el dolor se entrelazan y la agonía desmedida se convierte en un estado permanente. En este espacio, la razón se desvanece y la emoción se convierte en la única verdad. La belleza y la destrucción se funden en un abrazo fatal, donde la voz que susurra es la de un corazón que late con intensidad, que sangra con cada verso y que grita con cada silencio. La agonía desmedida es un estado de ánimo, un clima emocional que se cierne sobre la existencia como una nube oscura. Es un recordatorio de que el amor y el dolor son dos caras de la misma moneda, y que la intensidad de uno puede ser directamente proporcional a la profundidad del otro. En este poemario, te invito a sumergirte en el mundo de la agonía desmedida, a sentir el pulso de la pasión y el dolor, a experimentar la intensidad de la emoción y la búsqueda de la verdad. La poesía se convierte en un acto de supervivencia, un intento de dar sentido a lo que parece no tenerlo.
590 _aInventariado, 2026/WG.
650 _aPoesía dominicana
650 7 _aLiteratura dominicana
_91994
700 _aGalván, Juan
_ecuidado del texto
_987452
700 _aCastillo, Aurelia
_ecuidado del texto
_976355
700 _aDíaz Jaquez, Altagracia
_ecorrección de estilo
_989578
700 _aMedina, Ludwig
_ediagramación
_9102024
942 _2ddc
_cLBS1
999 _c60749
_d60749